00276nam a2200097 a 4500008004100000050002200041100003300063245004000096260003300136350000900169120416s1986 ||||||||||||||||| || u aHG 3881.5.I58 Dev aDe Vries, Margaret Gerridsen14aThe IMF in a changing world 1945-85 aWashington, D. C.bIMFc1986 a0.00